<?xml version="1.0" encoding="UTF-8"?>
<record
    xmlns:xsi="http://www.w3.org/2001/XMLSchema-instance"
    xsi:schemaLocation="http://www.loc.gov/MARC21/slim http://www.loc.gov/standards/marcxml/schema/MARC21slim.xsd"
    xmlns="http://www.loc.gov/MARC21/slim">

  <leader>00544nam a22001937a 4500</leader>
  <controlfield tag="005">20240308164345.0</controlfield>
  <controlfield tag="008">240229b        |||||||| |||| 00| 0 eng d</controlfield>
  <datafield tag="020" ind1=" " ind2=" ">
    <subfield code="a">978-93-885-37-1</subfield>
  </datafield>
  <datafield tag="041" ind1=" " ind2=" ">
    <subfield code="a">eng</subfield>
  </datafield>
  <datafield tag="082" ind1=" " ind2=" ">
    <subfield code="2">1st</subfield>
    <subfield code="a">MS 610.7677 VEN B10812</subfield>
    <subfield code="b">VEN</subfield>
  </datafield>
  <datafield tag="100" ind1=" " ind2=" ">
    <subfield code="a">Venkatesan B.</subfield>
  </datafield>
  <datafield tag="245" ind1=" " ind2=" ">
    <subfield code="a">Adult Health Nursing-I for BSc Nursing, Semester-III</subfield>
  </datafield>
  <datafield tag="250" ind1=" " ind2=" ">
    <subfield code="a">1st</subfield>
  </datafield>
  <datafield tag="260" ind1=" " ind2=" ">
    <subfield code="a">Bangalore</subfield>
    <subfield code="b">EMMESS Pub.</subfield>
    <subfield code="c">2023</subfield>
  </datafield>
  <datafield tag="300" ind1=" " ind2=" ">
    <subfield code="a">762p</subfield>
    <subfield code="b">Pb</subfield>
    <subfield code="c">28X21cm</subfield>
  </datafield>
  <datafield tag="365" ind1=" " ind2=" ">
    <subfield code="a">Rupaye</subfield>
    <subfield code="b">995.00</subfield>
    <subfield code="c">INR</subfield>
  </datafield>
  <datafield tag="521" ind1=" " ind2=" ">
    <subfield code="a">Adult Health
BSc Nursing
Sem-III</subfield>
  </datafield>
  <datafield tag="942" ind1=" " ind2=" ">
    <subfield code="c">BK</subfield>
  </datafield>
  <datafield tag="999" ind1=" " ind2=" ">
    <subfield code="c">357286</subfield>
    <subfield code="d">357286</subfield>
  </datafield>
  <datafield tag="952" ind1=" " ind2=" ">
    <subfield code="0">0</subfield>
    <subfield code="1">0</subfield>
    <subfield code="2">ddc</subfield>
    <subfield code="4">0</subfield>
    <subfield code="7">3</subfield>
    <subfield code="a">BTIN</subfield>
    <subfield code="b">BTIN</subfield>
    <subfield code="d">2024-02-28</subfield>
    <subfield code="e">Varad Enterprises</subfield>
    <subfield code="g">995.00</subfield>
    <subfield code="i">81</subfield>
    <subfield code="o">MS 610.7677 VEN B10812 </subfield>
    <subfield code="p">BTIN-BK-10812</subfield>
    <subfield code="r">2024-02-29 00:00:00</subfield>
    <subfield code="t">318.40</subfield>
    <subfield code="v">676.60</subfield>
    <subfield code="w">2024-02-27</subfield>
    <subfield code="y">BK</subfield>
    <subfield code="z">BTIN-BK-10812</subfield>
  </datafield>
  <datafield tag="952" ind1=" " ind2=" ">
    <subfield code="0">0</subfield>
    <subfield code="1">0</subfield>
    <subfield code="2">ddc</subfield>
    <subfield code="4">0</subfield>
    <subfield code="7">0</subfield>
    <subfield code="a">BTIN</subfield>
    <subfield code="b">BTIN</subfield>
    <subfield code="d">2024-02-28</subfield>
    <subfield code="e">Varad Enterprises</subfield>
    <subfield code="g">995.00</subfield>
    <subfield code="i">81</subfield>
    <subfield code="l">13</subfield>
    <subfield code="m">18</subfield>
    <subfield code="o">MS 610.7677 VEN B10813 </subfield>
    <subfield code="p">BTIN-BK-10813</subfield>
    <subfield code="r">2026-01-12 09:48:10</subfield>
    <subfield code="s">2025-12-05</subfield>
    <subfield code="t">318.40</subfield>
    <subfield code="v">676.60</subfield>
    <subfield code="w">2024-02-27</subfield>
    <subfield code="y">BK</subfield>
    <subfield code="z">BTIN-BK-10813</subfield>
  </datafield>
  <datafield tag="952" ind1=" " ind2=" ">
    <subfield code="0">0</subfield>
    <subfield code="1">0</subfield>
    <subfield code="2">ddc</subfield>
    <subfield code="4">0</subfield>
    <subfield code="7">0</subfield>
    <subfield code="a">BTIN</subfield>
    <subfield code="b">BTIN</subfield>
    <subfield code="d">2024-02-28</subfield>
    <subfield code="e">Varad Enterprises</subfield>
    <subfield code="g">995.00</subfield>
    <subfield code="i">81</subfield>
    <subfield code="l">13</subfield>
    <subfield code="m">12</subfield>
    <subfield code="o">MS 610.7677 VEN B10814</subfield>
    <subfield code="p">BTIN-BK-10814</subfield>
    <subfield code="r">2025-12-20 10:58:05</subfield>
    <subfield code="s">2025-12-15</subfield>
    <subfield code="t">318.40</subfield>
    <subfield code="v">676.60</subfield>
    <subfield code="w">2024-02-27</subfield>
    <subfield code="y">BK</subfield>
    <subfield code="z">BTIN-BK-10814</subfield>
  </datafield>
  <datafield tag="952" ind1=" " ind2=" ">
    <subfield code="0">0</subfield>
    <subfield code="1">0</subfield>
    <subfield code="2">ddc</subfield>
    <subfield code="4">0</subfield>
    <subfield code="7">0</subfield>
    <subfield code="a">BTIN</subfield>
    <subfield code="b">BTIN</subfield>
    <subfield code="d">2024-02-28</subfield>
    <subfield code="e">Varad Enterprises</subfield>
    <subfield code="g">995.00</subfield>
    <subfield code="i">81</subfield>
    <subfield code="l">15</subfield>
    <subfield code="m">14</subfield>
    <subfield code="o">MS 610.7677 VEN B10815 </subfield>
    <subfield code="p">BTIN-BK-10815</subfield>
    <subfield code="r">2026-01-12 09:54:10</subfield>
    <subfield code="s">2025-12-23</subfield>
    <subfield code="t">318.40</subfield>
    <subfield code="v">676.60</subfield>
    <subfield code="w">2024-02-27</subfield>
    <subfield code="y">BK</subfield>
    <subfield code="z">BTIN-BK-10815</subfield>
  </datafield>
  <datafield tag="952" ind1=" " ind2=" ">
    <subfield code="0">0</subfield>
    <subfield code="1">0</subfield>
    <subfield code="2">ddc</subfield>
    <subfield code="4">0</subfield>
    <subfield code="7">0</subfield>
    <subfield code="a">BTIN</subfield>
    <subfield code="b">BTIN</subfield>
    <subfield code="d">2024-02-28</subfield>
    <subfield code="e">Varad Enterprises</subfield>
    <subfield code="g">995.00</subfield>
    <subfield code="i">81</subfield>
    <subfield code="l">11</subfield>
    <subfield code="m">12</subfield>
    <subfield code="o">MS 610.7677 VEN B10816 </subfield>
    <subfield code="p">BTIN-BK-10816</subfield>
    <subfield code="r">2026-01-12 09:56:51</subfield>
    <subfield code="s">2025-12-06</subfield>
    <subfield code="t">318.40</subfield>
    <subfield code="v">676.60</subfield>
    <subfield code="w">2024-02-27</subfield>
    <subfield code="y">BK</subfield>
    <subfield code="z">BTIN-BK-10816</subfield>
  </datafield>
</record>
